000 00493nam a2200169Ia 4500
003 GCL
008 140319s9999 xx 000 0 eng d
040 _aGCL /
_cGCL
082 0 4 _a620.0015195
_bV S
100 1 _aVARDEMAN, STEPHAN B.
245 1 0 _aSTATISTICS FOR ENGINEERING PROBLEM SOLVING /
_cVARDEMAN, STEPHAN B.
260 _a[S.N] :
_bPWS PUBLISHING COMPANY ،
_c1994
300 _a712 P
650 0 4 _aالتحليل الرياضى
650 0 4 _aSTATISTICAL METHODS
942 _2ddc
_cBK
999 _c25030
_d25030